000
00231nam a2200097Ia 4500
008
240331s9999 xx 000 0 und d
082
_b
ILA
100
_a
Perera,S
245
0
_a
Ilangaich samugathayum panpatayum wasitthal
942
_c
L
999
_c
5631
_d
5631